000 00964naa a22002657a 4500
001 BR9501710
003 BR-BrBNA
005 20250721155533.0
007 ta
008 250630b bl.|||m| |||| 00| 0 por d
040 _aBR-BrBNA
_bpor
_cBiblioteca Nacional de Agricultura
041 _a(Pt)
072 _aF30
_b3240
090 _aF30 BR9501710
100 1 _aCampinhos Junior, E.
111 1 _a1. Seminario SIF Fertilizacao e Melhoramento Florestal
_cBelo Horizonte, MG (Brazil)
_d19-20 Apr 1979
245 1 _aO programa de melhoramento florestal de Eucalipytus spp., em desenvolvimento pela Aracruz Florestal S.A.
500 _aBoletim tecnico Belo Horizonte, MG (Brasil): 1979. p. 116-127 (BR9501710-AMS)
650 _aEucalipto
650 _aMelhoramento Vegetal
650 _aPesquisa Agricola
490 _aBoletim Tecnico - Sociedade de Investigacoes Florestais (Brazil)
_vno. 2
942 _cAMS
_2AGRIS
909 _a202506
_bLúcia
_c55
_dLúcia Elande
999 _c337080
_d337080